COMPUTER GRAPHICS WITH OPEN GL (Record no. 664067)

MARC details
000 -LEADER
fixed length control field 00389pam a2200157a 44500
008 - FIXED-LENGTH DATA ELEMENTS--GENERAL INFORMATION
fixed length control field 230515b0 xxu||||| |||| 00| 0 eng d
020 ## - INTERNATIONAL STANDARD BOOK NUMBER
International Standard Book Number 9.78933E+12
041 ## - LANGUAGE CODE
Language code of text/sound track or separate title NULL
082 ## - DEWEY DECIMAL CLASSIFICATION NUMBER
Classification number 006.6/HEA/BAK
100 ## - MAIN ENTRY--PERSONAL NAME
Personal name "HEARN DONALD D.
245 ## - TITLE STATEMENT
Title COMPUTER GRAPHICS WITH OPEN GL
250 ## - EDITION STATEMENT
Edition statement CARITHERS WARREN
260 ## - PUBLICATION, DISTRIBUTION, ETC.
Place of publication, distribution, etc. 20
Name of publisher, distributor, etc. BAKER M. PAULINE
Date of publication, distribution, etc. 0
300 ## - PHYSICAL DESCRIPTION
Extent 4TH EDI IMP
650 ## - SUBJECT ADDED ENTRY--TOPICAL TERM
Topical term or geographic name entry element 850

No items available.